Ocarina of Time Characters/Races Quiz Stats

 Plays Quiz Updated Feb 25, 2019

Support Sporcle.
Go Orange.
Score 0/63 Timer 15:00
8 Plays Today
Role Character/Race/Enemy % Correct
Pointy-Eared HeroLink
98%
Leader of the SagesZelda
86.2%
Final BossGanon
85.9%
Annoying FairyNavi
81.2%
King of the GerudoGanondorf
79.5%
Valiant SteedEpona
77.9%
Race Gorons
74.8%
RaceZora
73.9%
Advice-Giving NinjaSheik
72.1%
Sage of ForestSaria
67.5%
RaceHylians
65%
Goddess of PowerDin
64.4%
RaceKokiri
62.9%
RaceGerudo
61.5%
Goddess of WisdomNayru
59.5%
Forest DeityGreat Deku Tree
54.9%
Sage of WaterPrincess Ruto
54.3%
Sage of ShadowImpa
54.2%
Goddess of CourageFarore
53.6%
Hylian Rancher's DaughterMalon
51.8%
Lantern-Wielding EnemiesPoe
50.2%
Aquatic DeityLord Jabu Jabu
49.8%
Sage of FireDarunia
48.2%
Enormous GoronBiggoron
47.5%
Hylian RancherTalon
46.5%
Suprise Hanging EnemiesSkulltula
45.5%
Shadow Temple BossBongo Bongo
45.2%
Fire-Breathing EnemyDodongo
45%
Sage of LightRauru
43.7%
Forest Temple BossPhantom Ganon
43.4%
Ruler of the ZoraKing Zora XVI
43.1%
Goron Ruby BossKing Dodongo
42.4%
Role Character/Race/Enemy % Correct
Flying EnemyKeese
42%
Scantily Clad HealersGreat Fairies
41.5%
Kokiri Emerald BossQueen Gohma
41.4%
Hylian GravekeeperDampe
41.2%
Spirit Temple BossTwinrova
40.4%
Burning Flying EnemyFire Keese
38.9%
Sage of SpiritNabooru
38.6%
Freezing Flying EnemyIce Keese
38.4%
Fire Temple BossVolvagia
37.3%
Hylian Mean RancherIngo
37%
Skeletal EnemyStalfos
35.5%
Kokiri Bad-BoyMido
34.3%
Collectible EnemyGold Skulltula
33.3%
Pathfinding OwlKaepora Gaebora
30.7%
Huggable EnemyReDead
30.4%
Water Temple BossMorpha
30.1%
Hylian SalesmanHappy Mask Salesman
28.9%
Thieving EnemyLike Like
28.7%
Spitting EnemyDeku Scrub
28.6%
RaceSheikah
28%
Spitting EnemyOctorok
27.8%
Sword-Stopping Were-EnemiesWolfos
27.1%
Zora Sapphire BossBarinade
25.1%
Jumping Spider EnemyTektite
21.5%
Skull EnemyBubble
20.9%
Flying Field EnemyPeahat
20.7%
Claw Game EnemyFloormaster
18.5%
Pod EnemyDeku Baba
17.8%
Large GoronMedigoron
17.8%
Desert DeityGoddess of the Sand
14.4%
Flying EnemyGuay
10%

You're not logged in!

Compare scores with friends on all Sporcle quizzes.
OR
Log In

From the Vault

Mini Nurikabe Puzzle XI

by sproutcm

Let's click some squares.
Remove Ads.
Support Sporcle.
Get the best of Sporcle when you Go Orange. This ad-free experience offers more features, more stats, and more fun while also helping to support Sporcle. Thank you for becoming a member.

Show Comments

Extras

Top Quizzes Today


Score Distribution

Your Account Isn't Verified!

In order to create a playlist on Sporcle, you need to verify the email address you used during registration. Go to your Sporcle Settings to finish the process.

Report this User

Report this user for behavior that violates our Community Guidelines.

Details: